Banned and Challenged Classic Books Quiz - Statistics

General Stats
  • This quiz has been taken 732 times
  • The average score is 6 of 44
Answer Stats
Hint Answer % Correct
"Pro-communist" 1984
65%
"Masses will revolt" Animal Farm
58%
"Contains racial slurs" To Kill a Mockingbird
54%
"Unsuitable for minors" Lolita
48%
"Undermines morality" The Catcher in the Rye
43%
"Implies that man is little more then an animal" The Lord of the Flies
32%
Five people died in riots over this book in Pakistan Satanic Verses
28%
"Anti-Business Attitude" Of Mice and Men
23%
"Objectionable" A Clockwork Orange
22%
"Language and sexual references" The Great Gatsby
22%
"Makes sex look like fun" Brave New World
21%
"Take the Lord's name in vain" The Grapes of Wrath
20%
Banned by US Customs, Australia, Japan, India, Poland, China, Ireland Lady Chatterley's Lover
19%
Refers to "whores" Catch-22
17%
"Sexual and social explicitness" The Colour Purple
15%
Banned in England; Burned in the US Ulysses
15%
Banned in classrooms for use of racial slurs Gone With The Wind
11%
"Depiction of torture" Slaughterhouse-Five
11%
Topics of Bestiality, Racism and Sex Beloved
9%
Promotes "secular humanism" One Flew Over the Cuckoo's Nest
8%
Burned for being satanic The Lord of the Rings
8%
Dubbed "Smutmobile" Sons and Lovers
6%
Banned from US Customs in 1934 Tropic of Cancer
6%
Banned in Italy for illustrating Italian retreat A Farwell To Arms
5%
Turkish editors arrested for "spreading propaganda" For Whom The Bell Tolls
5%
Burned in Nazi Bonfires (1933) The Sun Also Rises
5%
"Images of Violence" Invisible Man
4%
Found obscene in US Superior Court (1965) Naked Lunch
4%
"Sexual explicitness" Their Eyes Were Watching God
4%
Banned in East Germany for being facist; Burned in Nazi Germany for being Socalist The Jungle
4%
"Filthy, trashy sex novel" A Separate Peace
3%
Caused legislation to be put forward to ban "library materials that promote the gay lifestyle" Brideshead Revisited
3%
Homosexual themes In Cold Blood
3%
"Unnecessarily violent" Native Son
3%
"Repulsive" Song of Solomon
3%
Banned in South Africa 1979 Sophie's Choice
3%
Banned in Italy, Yugoslavia and Nazi Germany The Call of the Wild
3%
"Referring to Abortion" As I Lay Dying
2%
"Deals with low love affairs" An American Tragedy
1%
Challenged in US District Court in 1976 Cat's Cradle
1%
Themes of masturbation Go Tell It On The Mountain
1%
Restricted to High School students with parental permission due to "promiscuity" Rabbit, Run
1%
Published in 1899, banished for decades The Awakening
1%
Banned in Canada and Australia in 1949 The Naked and Dead
0%
No matching quizzes found
Score Distribution
Percent of People with Each Score
Percentile by Number Answered
Your Score History
You have not taken this quiz